| 000 | 00735nam a22002057a 4500 | ||
|---|---|---|---|
| 999 |
_c15985 _d15985 |
||
| 003 | AR-CdUCM | ||
| 008 | 190430b ||||| |||| 00| 0 spa d | ||
| 040 |
_aMUNICIPALIDAD PROVINCIAL DEL CUSCO _cBIBLIOTECA MUNICIPAL DEL CUSCO |
||
| 082 |
_a335.4 / _bC70 |
||
| 100 |
_aChe Guevara, Esnesto _935250 |
||
| 245 | _aEl socialismo y el hombre en Cuba / | ||
| 260 |
_aMéxico : _bGrijaldo, _c1971. |
||
| 300 |
_a160 páginas ; _c19 cm. |
||
| 505 | _aContenido : Al primer congreso latinoamericano de juventudes -- Cuba -- Que debe ser un joven comunista -- Que es un guerrillero ... | ||
| 650 |
_aSocialismo _91037 |
||
| 650 |
_aCongreso de juventudes _935251 |
||
| 650 |
_aCuba _91821 |
||
| 942 |
_2ddc _cLIBROS |
||
| 945 |
_arah _d30/04/2019 |
||